[Event "VIE-ch U13"]
[Site "Hanoi"]
[Date "2022.06.15"]
[Round "6"]
[White "Nguyen, Thai Son"]
[Black "Nguyen, Khanh Lam"]
[Result "1-0"]
[WhiteElo "2336"]
[BlackElo "2348"]
[PlyCount "57"]
[EventDate "2022.06.11"]
[EventType "swiss"]
[EventRounds "9"]
[EventCountry "VIE"]
[SourceTitle "EXT 2023"]
[Source "ChessBase"]
[SourceDate "2022.10.05"]
[SourceVersion "1"]
[SourceVersionDate "2022.10.05"]
[SourceQuality "1"]

1. d4 f5 2. Nf3 g6 3. g3 Nf6 4. Bg2 Bg7 5. 0-0 0-0 6. c4 d6 7. Nc3 Nc6 8. d5 Na5 9. Qd3 e5 10. dxe6 Bxe6 11. b3 Nc6 12. Ng5 Bd7 13. Bb2 Ne5 14. Qc2 h6 15. Nf3 Rb8 16. Rad1 Nfg4 17. h3 Nxf3+ 18. exf3 Ne5 19. f4 Nc6 20. Nd5 Be6 21. Rfe1 Re8 22. Bxg7 Kxg7 23. Qc3+ Kf7 24. b4 a6 25. Re3 Na7 26. Rde1 c6 27. Rxe6 Rxe6 28. Rxe6 Kxe6 29. Qg7 1-0

[Event "VIE-ch U13"]
[Site "Hanoi"]
[Date "2022.06.12"]
[Round "2"]
[White "Pham, Nguyen Tuan Anh"]
[Black "Nguyen, Khanh Lam"]
[Result "0-1"]
[WhiteElo "2379"]
[BlackElo "2348"]
[PlyCount "104"]
[EventDate "2022.06.11"]
[EventType "swiss"]
[EventRounds "9"]
[EventCountry "VIE"]
[SourceTitle "EXT 2023"]
[Source "ChessBase"]
[SourceDate "2022.10.05"]
[SourceVersion "1"]
[SourceVersionDate "2022.10.05"]
[SourceQuality "1"]

1. d4 f5 2. c4 g6 3. Nc3 Nf6 4. Nf3 Bg7 5. e3 0-0 6. Bd3 d6 7. 0-0 Nc6 8. a3 e5 9. d5 Ne7 10. Bc2 a6 11. b4 h6 12. e4 f4 13. c5 g5 14. Bb3 Kh8 15. Qd3 Ng6 16. Nd2 g4 17. f3 g3 18. hxg3 fxg3 19. Ne2 Nh5 20. Rd1 Qh4 21. Nf1 Nhf4 22. Nxf4 exf4 23. Ra2 Ne5 24. Qe2 Bd7 25. a4 Ng4 26. fxg4 Bxg4 27. Qe1 Bxd1 28. Qxd1 Rae8 29. Bc2 f3 30. gxf3 Rf6 31. Qe2 Rg6 32. Qg2 Bd4+ 33. Be3 Bxe3+ 34. Nxe3 Qf4 35. Ra3 Rf6 36. Bd1 h5 37. Qh3 Re5 38. Qc8+ Rf8 39. Qxc7 Rxe4 40. Qxd6 Rxe3 41. Qxf4 Re1+ 42. Kg2 Rxf4 43. Rd3 h4 44. d6 Re8 45. d7 Rd8 46. b5 axb5 47. axb5 Rb4 48. c6 Rb2+ 49. Kg1 h3 50. f4 Rg8 51. Bg4 Rb1+ 52. Bd1 h2+ 0-1

[Event "VIE-ch U09"]
[Site "Hai Phong"]
[Date "2018.07.07"]
[Round "1"]
[White "Le, Tuan Huy"]
[Black "Nguyen, Khanh Lam"]
[Result "1-0"]
[WhiteElo "1940"]
[BlackElo "1966"]
[PlyCount "71"]
[EventDate "2018.07.07"]
[EventType "swiss"]
[EventRounds "9"]
[EventCountry "VIE"]
[SourceTitle "EXT 2019"]
[Source "ChessBase"]
[SourceDate "2018.10.10"]
[SourceVersion "1"]
[SourceVersionDate "2018.10.10"]
[SourceQuality "1"]

1. e4 e6 2. d4 d5 3. e5 c5 4. c3 Nc6 5. Nf3 Qb6 6. Bd3 Bd7 7. Bc2 cxd4 8. cxd4 Nb4 9. Bb3 Bb5 10. Bc2 Rc8 11. Nc3 Nxc2+ 12. Qxc2 Bb4 13. Bd2 Qc6 14. Qb3 Qc4 15. Nxb5 Qxb5 16. Qxb4 Qd7 17. 0-0 Ne7 18. Qd6 Qb5 19. Qb4 Qd7 20. Qa3 a6 21. Bb4 Nf5 22. Rac1 Rc6 23. Rc3 b5 24. Rfc1 Rc4 25. h3 f6 26. Qxa6 Kf7 27. Rxc4 bxc4 28. a4 Rb8 29. Bc3 Rb3 30. Ra1 Kg6 31. g4 Nh6 32. Qd6 Qf7 33. Nh4+ Kg5 34. Ng2 f5 35. f4+ Kg6 36. Nh4# 1-0